000 00249nam a2200109Ia 4500
008 190914s9999||||xx |||||||||||||| ||und||
100 _aAnastasi,Anne
245 0 _aPsychology Testing
260 _aIndia
_bOxford
_c2000
300 _a416
942 _cBK
999 _c10033
_d10033